Biblioteca y Centro de Documentación

Equilibrio económico y revisión de precios en los contratos administrativos (Registro nro. 45627)

Detalles MARC
000 -CABECERA
Longitud fija campo de control 00971naa a2200241 4500
001 - NÚMERO DE CONTROL
Número de control 45627
003 - IDENTIFICADOR DE NÚMERO DE CONTROL
Identificador del número de control ES-MaCES
005 - FECHA Y HORA DE LA ÚLTIMA TRANSACCIÓN
Fecha y hora de la última transacción 20141205113128.0
008 - CAMPO FIJO DE DESCRIPCIÓN FIJA--INFORMACIÓN GENERAL
Códigos de información de longitud fija   000000s2014 sp ||||| t||||||| ||spa d
040 ## - FUENTE DE CATALOGACIÓN
Centro catalogador de origen ES-MaCES
Lengua de catalogación spa
Centro transcriptor ES-MaCES
100 1# - ENCABEZAMIENTO PRINCIPAL--NOMBRE PERSONAL
9 (RLIN) 11869
Nombre de persona Fernández García, José Francisco
245 10 - MENCIÓN DE TÍTULO
Título Equilibrio económico y revisión de precios en los contratos administrativos
Mención de responsabilidad, etc. José Francisco Fernández García
500 ## - NOTA GENERAL
Nota general Resumen
650 #4 - ASIENTO SECUNDARIO DE MATERIA--TÉRMINO DE MATERIA
9 (RLIN) 27100
Término de materia o nombre geográfico como elemento inicial equilibrio económico
650 #4 - ASIENTO SECUNDARIO DE MATERIA--TÉRMINO DE MATERIA
9 (RLIN) 30243
Término de materia o nombre geográfico como elemento inicial ajuste de prestaciones
650 #4 - ASIENTO SECUNDARIO DE MATERIA--TÉRMINO DE MATERIA
9 (RLIN) 28323
Término de materia o nombre geográfico como elemento inicial contratación
650 #4 - ASIENTO SECUNDARIO DE MATERIA--TÉRMINO DE MATERIA
9 (RLIN) 27214
Término de materia o nombre geográfico como elemento inicial administración pública
650 #4 - ASIENTO SECUNDARIO DE MATERIA--TÉRMINO DE MATERIA
9 (RLIN) 28624
Término de materia o nombre geográfico como elemento inicial jurisprudencia
653 10 - TÉRMINO DE INDEXACIÓN--NO CONTROLADO
Término no controlado Derecho administrativo
773 0# - ENTRADA DE DOCUMENTO FUENTE
Itemnumber del ítem fuente 82086
Lugar, editor y fecha de publicación Madrid (Ignacio Ellacuría, 3, 28017) Civitas
Otro identificador del documento 084990
Título Revista española de Derecho administrativo
Número de control del registro relacionado (ES-MaCES)25059
Parte(s) relacionada(s) n. 163 (abr.-jun.[sic] 2014) {10039 R. 084990} ;p. 145-180
902 ## - CES. TIPO DE DOCUMENTO
Tipodoc (006$c Sirtex) ART Artículo de revista
942 ## - ELEMENTOS KOHA
Fuente de clasificaión o esquema Clasificación propia del CES
Koha [por defecto] tipo de item Artículos (1982-2017)
Parte de clasificación Derecho Administrativo

No hay ítems disponibles.

© CES, Consejo Económico y Social de España 2021